[Event "Cappelle rapid op 2nd"]
[Site "Cappelle la Grande"]
[Date "2020.02.29"]
[Round "3"]
[White "Dimitrov, Radoslav"]
[Black "Rommelaere, Stephane"]
[Result "1-0"]
[WhiteElo "2519"]
[BlackElo "1549"]
[PlyCount "46"]
[EventDate "2020.02.29"]
[EventType "swiss (rapid)"]
[EventRounds "9"]
[EventCountry "FRA"]
[SourceTitle "CBM 195 Extra"]
[Source "ChessBase"]
[SourceDate "2020.05.31"]
[SourceVersion "1"]
[SourceVersionDate "2020.05.31"]
[SourceQuality "1"]

1. Nc3 e5 2. Nf3 Nc6 3. d4 exd4 4. Nxd4 Nxd4 5. Qxd4 Nf6 6. Bg5 Be7 7. 0-0-0 0-0 8. e4 d6 9. f4 h6 10. Bh4 c5 11. Qd3 Qb6 12. Qb5 Qc7 13. Bxf6 Bxf6 14. Nd5 Qd8 15. g3 Re8 16. e5 dxe5 17. Nxf6+ Qxf6 18. Qxe8+ Kh7 19. Bd3+ g6 20. fxe5 Qg5+ 21. Kb1 b6 22. Qxf7+ Kh8 23. Bxg6 Qd8 1-0

[Event "Lille Luce op 5th"]
[Site "Lille"]
[Date "2014.04.30"]
[Round "4"]
[White "Bauche, Timothe"]
[Black "Rommelaere, Stephane"]
[Result "1-0"]
[WhiteElo "2045"]
[BlackElo "1487"]
[PlyCount "67"]
[EventDate "2014.04.28"]
[EventType "swiss"]
[EventRounds "9"]
[EventCountry "FRA"]
[SourceTitle "CBM 160 Extra"]
[Source "ChessBase"]
[SourceDate "2014.07.01"]
[SourceVersion "1"]
[SourceVersionDate "2014.07.01"]
[SourceQuality "1"]

1. d4 d5 2. c4 e6 3. Nc3 Bb4 4. e3 Nf6 5. Nf3 Ne4 6. Bd2 Nxd2 7. Qxd2 Nc6 8. Bd3 0-0 9. 0-0 Re8 10. Rfd1 Bd7 11. a3 Bxc3 12. Qxc3 f5 13. b4 Qf6 14. cxd5 exd5 15. b5 Ne7 16. Qxc7 Bc8 17. Ne5 b6 18. Rac1 Be6 19. Qd6 Red8 20. Qb4 Rac8 21. Nc6 Nxc6 22. Rxc6 a5 23. Qb3 Rb8 24. Rdc1 Rb7 25. a4 f4 26. exf4 Qxf4 27. Qc2 Re8 28. Bxh7+ Kh8 29. Bg6 Bf7 30. Qf5 Qxf5 31. Bxf5 Rbe7 32. g3 Be6 33. Bg6 Rb8 34. Re1 1-0